| Record ID | ia:ideaofpartysyste0000hofs |
| Source | Internet Archive |
| Download MARC XML | https://archive.org/download/ideaofpartysyste0000hofs/ideaofpartysyste0000hofs_marc.xml |
| Download MARC binary | https://www.archive.org/download/ideaofpartysyste0000hofs/ideaofpartysyste0000hofs_meta.mrc |
LEADER: 03238cam 2200661 4500
001 ocm00031401
003 OCoLC
005 20220516204541.0
008 691121s1969 cau b 001 0 eng
010 $a 76082377
040 $aDLC$beng$cDLC$dOCL$dUKM$dMUQ$dOCLCQ$dBAKER$dBTCTA$dYDXCP$dOCLCG$dCVM$dUKV3G$dUKMGB$dBDX$dOCLCO$dOCLCF$dOCLCQ$dNTF$dOCLCQ$dNLC$dTYC$dDHA$dOCLCQ$dXFF$dOCLCQ$dOL$$dYT6$dSNN$dOCLCQ$dCPS$dOCLCQ$dNZ1$dHUELT$dBDP$dOCLCQ$dUOO$dCAOXN$dCUK$dOCLCQ$dCBA$dMMM$dLUN$dOCLCO
015 $aGB7015906$2bnb
015 $aGB70-15906
016 $a(AMICUS)000001897721
016 7 $a001707578$2Uk
019 $a59156753$a1052759455$a1120914654$a1152949855$a1166449083$a1166537698$a1170707618
020 $a0520017544
020 $a9780520017542
020 $a0520013891
020 $a9780520013896
035 $a(OCoLC)31401$z(OCoLC)59156753$z(OCoLC)1052759455$z(OCoLC)1120914654$z(OCoLC)1152949855$z(OCoLC)1166449083$z(OCoLC)1166537698$z(OCoLC)1170707618
037 $c6.95
043 $an-us---
050 00 $aJK2260$b.H73
055 4 $aJK2260 H63
082 00 $a329/.02/0973
084 $a324.273$223
100 1 $aHofstadter, Richard,$d1916-1970.
245 14 $aThe idea of a party system;$bthe rise of legitimate opposition in the United States, 1780-1840.
260 $aBerkeley,$bUniversity of California Press,$c1969.
300 $axiii, 280 pages$c23 cm
336 $atext$btxt$2rdacontent
337 $aunmediated$bn$2rdamedia
338 $avolume$bnc$2rdacarrier
490 1 $aJefferson memorial lectures
504 $aIncludes bibliographical references.
505 0 $aPart and opposition in the Eighteenth century -- A Constitution against parties -- The Jeffersonians in opposition -- The transit of power -- The quest for unanimity -- Toward a party system.
520 $aThis volume traces the historical processes in thought by which American political leaders slowly edged away from their complete philosophical rejection of a party and hesitantly began to embrace a party system. The author's analysis of the idea of party and the development of legitimate opposition offers fresh insights into the political crisis of 1797-1801, on the thought of George Washington, Thomas Jefferson, James Madison, James Monroe, Martin Van Buren, and other leading figures, and on the beginnings of modern democratic politics.
650 0 $aPolitical parties$zUnited States.
650 1 $aPolitical parties$zUnited States.
650 6 $aPartis politiques$zÉtats-Unis.
650 7 $aPolitical parties.$2fast$0(OCoLC)fst01069410
651 7 $aUnited States.$2fast$0(OCoLC)fst01204155
830 0 $aJefferson memorial lectures.
938 $aBaker & Taylor$bBKTY$c26.95$d26.95$i0520017544$n0000487797$sactive
938 $aBrodart$bBROD$n23640189$c$37.50
938 $aBaker and Taylor$bBTCP$n76082377 //r90
938 $aYBP Library Services$bYANK$n445135
029 1 $aAU@$b000000176466
029 1 $aHEBIS$b095235825
029 1 $aNLC$b000001897721
029 1 $aNZ1$b2832479
029 1 $aNZ1$b658269
029 1 $aUNITY$b070502498
029 1 $aYDXCP$b445135
029 1 $aZWZ$b014170175
994 $aZ0$bP4A
948 $hNO HOLDINGS IN P4A - 1567 OTHER HOLDINGS